| 000 | 00000nam 2200000zi 4500 |
| 001 | 9.937121 |
| 003 | CaOODSP |
| 005 | 20240419095943 |
| 006 | m o d f |
| 007 | cr |n||||||||| |
| 008 | 240419e20230613onc ob f|0| 0 eng d |
| 040 | |aCaOODSP|beng|erda|cCaOODSP |
| 043 | |an-cn---|an-us---|an-mx--- |
| 086 | 1 |aRv55-8/11-3-3-2023E-PDF |
| 245 | 00|aCUSMA countries of origin marking rules. |
| 264 | 1|aOttawa : |bCanada Border Services Agency = Agence des services frontaliers du Canada, |cJune 13, 2023. |
| 300 | |a1 online resource (12 pages). |
| 336 | |atext|btxt|2rdacontent |
| 337 | |acomputer|bc|2rdamedia |
| 338 | |aonline resource|bcr|2rdacarrier |
| 490 | 1 |aMemorandum, |x2369-2391 ; |vD11-3-3 |
| 500 | |aIssued also in French under title: Règles de marquage du pays d’origine – pays ACEUM. |
| 500 | |a"Superseded Memorandum D D11-3-3 dated October 20, 2015." |
| 504 | |aIncludes bibliographical references (page 12). |
| 650 | 0|aFree trade|zNorth America. |
| 650 | 0|aCertificates of origin|zNorth America. |
| 710 | 2 |aCanada Border Services Agency, |eissuing body. |
| 775 | 08|tRègles de marquage du pays d’origine – pays ACEUM.|w(CaOODSP)9.937123 |
| 830 | #0|aMemorandum (Canada Border Services Agency)|vD11-3-3.|w(CaOODSP)9.816825 |
| 856 | 40|qPDF|s517 KB|uhttps://publications.gc.ca/collections/collection_2024/asfc-cbsa/Rv55-8-11-3-3-2023-eng.pdf |
| 856 | 4 |qHTML|sN/A|uhttps://www.cbsa-asfc.gc.ca/publications/dm-md/d11/d11-3-3-eng.html |